Lider Demirel (Record no. 6839)

MARC details
000 -BAŞLIK
Sabit Uzunlukta Kontrol Alanı 00695na a2200229 4500
001 - KONTROL NUMARASI
Denetim Alanı 21789
003 - KONTROL NUMARASI IDENTIFIER
Denetim Alanı MIRAKIL
005 - SON İŞLEM TARİHİ VE ZAMANI
Denetim Alanı 20181213155121.0
008 - SABİT-BOY VERİ ELEMANLARI - GENEL BİLGİLER
Sabit Uzunlukta Kontrol Alanı 170207b tu 000 0
040 ## - KATALOGLAMA KAYNAK
Orijinal Kataloglama Ajansı Milas
Kataloglama Dili tur
Metne Dönüştürmek Ajansı TR-AnCHP
041 ## - DİL KODU
Metin / Ses Parça Veya Ayrı Başlığın Dil Kodu tur
082 ## - DEWEY ONLU SINIFLANDIRMA NUMARASI
Sınıflandırma Numarası 923.1561 Demirel,S.
Ürün Numarası E63l 1977
090 ## - SINIFLAMA NUMARASI
Sınıflama Numarası 923.1561 Demirel,S. E63l 1977
100 ## - ANA GİRİŞ - KİŞİSEL İSİM
Kişisel Ad Erer, Tekin
245 ## - BAŞLIK TABLOSU
Başlık Lider Demirel
Sorumluluk Tablosu, Vb Tekin Erer
260 ## - YAYIN, DAĞITIM, VB
Yayın, Dağıtım, Vb Yeri [Ankara]
Yayıncı, Dağıtıcı, Vs Adı [yayl.y.]
Yayın, Dağıtım, Vb Tarihi 1977
Üretici Firma Ceylan Matbaası
300 ## - FİZİKSEL TANIM
Kapsam 240 s.
Diğer Fiziksel Ayrıntıları res.
Boyutlar 20 sm.
600 ## - KONU KATMA GİRİŞ - KURUMSAL ADI
Kişisel Ad Demirel, Süleyman
Bir Adıyla İlişkilendirilen Tarihler 1924-2015
Genel Alt Bölümü Siyasal ve sosyal görüşler
600 ## - KONU KATMA GİRİŞ - KURUMSAL ADI
Kişisel Ad Demirel, Süleyman
Bir Adıyla İlişkilendirilen Tarihler 1924-2015
Genel Alt Bölümü Yaşamöyküsü
650 ## - KONU KATMA GİRİŞ - TOPİKAL DÖNEM
Topikal Süreli Veya Coğrafi Ad Giriş Elemanı Siyasal tarih
Genel Alt Bölümü Liderler
942 ## - EKLENDİ GİRİŞ ELEMANLARI (KOHA)
Sınıflandırma Veya Raf Düzeni Kaynak Dewey Decimal Classification
Koha Öğesi Türü Books
999 ## - SİSTEM KONTROL NUMARALARI (KOHA)
Koha Biblionumber 6839
Koha Biblioitemnumber 6839
Holdings
Kalıcı Konum Mevcut Konum Edinme Tarihi Edinim Kaynak Toplam Check-Out'Lar Tam Çağrı Numarası Barkod Tarih Son Görülme İtibaren Geçerli Fiyatlar Koha Öğesi Türü
CHP Kütüphanesi CHP Kütüphanesi 02/07/2017 Bağış   923.1561 Demirel,S. E63l 1977 012902 02/07/2017 02/07/2017 Books